000 00439nam a2200169 i 4500
001 bgj
100 1 _aREUTER, Fritz.
245 1 0 _aReuters Werke :
_bauswahl in vier Bänden.
_cFritz Reuter.
_n3. Band /
260 _aLepizig :
_bBuchhandlung Gustav Fod.
300 _a720 s. ;
_b16 cm.
650 9 _aPowieść niemiecka
040 _cBPK
041 0 _ager
044 _aDEU
942 _cKS
008 s gw f |000 0 ger
999 _c49440
_d49440
856 _uhttp://koha.tu.koszalin.pl/cgi-bin/koha/opac-detail.pl?biblionumber=49440
_yKatalog online BPK